A Physicist´s Guide to Mathematica + Disketa

Salvato in:
Dettagli Bibliografici
Autore principale: Tam, Patrick T. (Autore)
Natura: Libro
Lingua:inglese
Pubblicazione: San Diego : Academic Press, 1997
Tags: Aggiungi Tag
Nessun Tag, puoi essere il primo ad aggiungerne!!

MARC

LEADER 00000nam a22000003a 4500
001 stu48873
005 20150617225708.6
008 981222s1997------------------------eng-d
020 |a 0-12-683190-4 
040 |a STU  |b slo 
041 0 |a eng 
080 |a 51  |7 stu_us_auth*stu8333 
100 1 |a Tam, Patrick T.  |4 aut 
245 1 |a A Physicist´s Guide to Mathematica + Disketa 
260 |a San Diego :  |b Academic Press,  |c 1997 
300 |a 506 s 
500 |a Tab.,grafy,lit.,index 
996 |b C95600  |c C*95600  |l CCXIII  |s P  |a 0  |w stu48873_0001